| 000 | 00736cam a2200217 a 4500 | ||
|---|---|---|---|
| 001 | 78669 | ||
| 003 | BD-RjUL | ||
| 005 | 20211209083147.0 | ||
| 008 | 211101s20001420sy 000 0 ara d | ||
| 035 | _aBD-RjUL)78895 | ||
| 040 |
_aLB-BrSB _cZYU _dZYU _beng |
||
| 041 | 0 | _aara | |
| 082 |
_223 _a892.709 _bDAF 2000 |
||
| 100 |
_aDasuqiu, Omar ;; الدسوقي, عمر _9249470 |
||
| 245 | 1 | 3 |
_aفي الأدب الحديث ;; fī al-adab al-ḥadīth / _cعمر الدسوقي ;; Omar al dasuqi |
| 260 |
_aAl Qahira : _bDar al fikr al arabi, _c2000 |
||
| 300 |
_a429 p. ; _c22 cm. |
||
| 650 | 0 |
_aWomen authors, Arab _y20th century. _9249471 |
|
| 650 | 0 |
_aArabic literature _y20th century _xHistory and criticism. _9249472 |
|
| 942 |
_2ddc _cBK |
||
| 999 |
_c78669 _d78669 |
||